{"text_format":"3","workbook":"xlsx","n_sheets":1,"sheets":["Sheet1"],"not_rendered":{"defined_names":1},"read":"whole","date_system":"1900"}

{"sheet":"Sheet1","index":0,"n_rows":16,"n_cols":10,"rows_kept":16,"merged":[[0,0,0,9],[1,0,1,9],[13,0,13,5],[14,0,14,5],[15,0,15,5]]}
["材料清单（灯具）"]
["项目名称：穆家及雅东丽都装饰装修"]
["编号","材料名称","单位","数量","规格型号","控制价单价\n（不含税）","控制价总价\n（不含税）","报价单价\n（不含税）","报价合价\n（不含税）","备注"]
[1,"单控单开","个",220,null,6,{"$f":"D4*F4","v":1320},null,null,"符合国家相关技术规范要求"]
[2,"五孔插座","个",480,null,9,{"$f":"D5*F5","v":4320},null,null,"符合国家相关技术规范要求"]
[3,"空调插座","个",78,null,9,702,null,null,"符合国家相关技术规范要求"]
[4,"单控双开","个",90,null,10,900,null,null,"符合国家相关技术规范要求"]
[5,"白面板","个",180,null,4,720,null,null,"符合国家相关技术规范要求"]
[6,"防水盒","个",145,null,11,1595,null,null,"符合国家相关技术规范要求"]
[7,"装饰灯","个",30,500,133,3990,null,null,"符合国家相关技术规范要求"]
[8,"装饰灯","个",210,300,58,12180,null,null,"符合国家相关技术规范要求"]
[9,"吸顶灯","个",108,300,40,4320,null,null,"符合国家相关技术规范要求"]
[10,"扣板灯","个",30,"300*300",62,1860,null,null,"符合国家相关技术规范要求"]
["不含税合计",{"$nulls":5},{"$f":"SUM(G4:G13)","v":31907}]
["税金(税率：   %）"]
["含税合计"]